| 000 | 00601nam a2200181Ia 4500 | ||
|---|---|---|---|
| 008 | 100921s9999 xx 000 0 und d | ||
| 082 |
_b23861 _a891.463 0 |
||
| 100 | _aकाशीकर एस.एम्र. | ||
| 245 | _aरहस्य. | ||
| 260 |
_bरेणूका प्रकाशन,पुणे. _c0 |
||
| 300 |
_a216 _bभावे पुस्तक भांडार,पुणे |
||
| 365 | _b50 | ||
| 520 | _aललित-कादंबरी. | ||
| 630 | _aरहस्य. | ||
| 650 | _aललित-कादंबरी. | ||
| 730 | _aरहस्य. | ||
| 942 | _cBOOK | ||
| 999 |
_c772974 _d772971 |
||